Miasta województwa nowogródzkiego II RP z mapą - Statystyki

Ogólne statystyki
  • Ten quiz został rozwiązany 12 razy
  • Średni wynik to 6 z 10
Odpowiedzi na mapie
Odpowiedzi zakodowano w zielono-czerwonej skali na mapie do tego quizu, zgodnie z poniższymi procentami.
 
Statystyki odpowiedzi
Miasto % Poprawnych
Nowogródek
100%
Baranowicze
80%
Nieśwież
80%
Lida
60%
Słonim
60%
Kleck
40%
Lachowicze
40%
Stołpce
40%
Zdzięcioł
40%
Wołożyn
20%
Nie znaleziono quizów pasujących do podanych kryteriów
Rozkład punktacji
Procent ludzi z każdym wynikiem
Percentyl według liczby udzielonych odpowiedzi
Twoja historia wyników
Nie rozwiązałeś tego quizu